Del supremo bien y del supremo mal

Gardado en:
Detalles Bibliográficos
Autor Principal: Cicerón, Marco Tulio (autor)
Formato: Libro
Idioma:Lingua castelá
Publicado: Madrid Gredos 1987
Edición:1a. ed
Series:Biblioteca Clásica Gredos, 101
Subjects:
Tags: Engadir etiqueta
Sen Etiquetas, Sexa o primeiro en etiquetar este rexistro!

MARC

LEADER 00000nam a2200000 a 4500
001 UCX2336
003 CL-VaPUC
008 910423e19870000SP |||||||||||||||||spa|d
020 |a 9788424910921 
082 0 4 |a 187  |b CIC  |2 21 
100 |a Cicerón, Marco Tulio  |e autor  |9 255203 
245 1 0 |a Del supremo bien y del supremo mal 
250 |a 1a. ed 
300 |a 342 p 
942 |c BK 
945 |d 19910423 00:00:00 
260 |a Madrid  |b Gredos  |c 1987 
650 0 |a Filosofía antigua   |9 255705 
583 |a last modification  |c 19910423 00:00:00  |k Rodrigo Vera 
490 0 |a Biblioteca Clásica Gredos, 101 
999 |c 223378  |d 223376 
952 |0 0  |1 0  |4 0  |6 187_000000000000000_CIC_1987  |7 0  |8 X  |9 219117  |a BIBHIS  |b BIBHIS  |d 2019-11-15  |i 2878887  |o 187 CIC 1987  |p 2878887  |r 2024-01-30  |w 2019-11-15  |y BK_X  |k HIS 
952 |0 0  |1 0  |4 0  |6 187_000000000000000_CIC_1987  |7 0  |8 X  |9 219118  |a BIBHIS  |b BIBHIS  |d 2019-11-15  |i 4762142  |o 187 CIC 1987  |p 4762142  |r 2024-01-30  |w 2019-11-15  |y BK_X  |k HIS